Faktory intenzívneho zlepšovania kvality výrobkov a služieb

Problematika faktorov kvality výrobkov a služieb. Identifikácia a modely faktorov kvality. Analýza a hodnotenie faktorov kvality. Projektovanie a riadenie intervencií do faktorov kvality. Metóda SOS (Q) - systematické odstraňovanie slabých miest kvality.

Salvato in:
Dettagli Bibliografici
Autore principale: Zgodavová, Kristína
Natura: Capitolo di libro
Lingua:slovacco
Soggetti:
Tags: Aggiungi Tag
Nessun Tag, puoi essere il primo ad aggiungerne!!

MARC

LEADER 00000naa a2200000 4500
001 r048158
005 20230929074539.5
041 0 |a slo 
044 |a SK 
245 1 0 |a Faktory intenzívneho zlepšovania kvality výrobkov a služieb  |c Kristína Zgodavová 
520 |a Problematika faktorov kvality výrobkov a služieb. Identifikácia a modely faktorov kvality. Analýza a hodnotenie faktorov kvality. Projektovanie a riadenie intervencií do faktorov kvality. Metóda SOS (Q) - systematické odstraňovanie slabých miest kvality. 
610 2 0 |a kvalita výrobkov 
610 2 0 |a kvalita 
610 2 0 |a služby 
610 2 0 |a modely 
610 2 0 |a analýzy 
610 2 0 |a Európska únia 
610 2 0 |a Slovensko 
610 2 0 |a metódy 
610 2 0 |a metóda SOS (Q) 
100 1 |a Zgodavová, Kristína